000
00293nam a2200109Ia 4500
008
180205s9999 xx 000 0 und d
020
_a
9715513338
100
_a
Aderson, Neil T.
245
4
_a
The bondage breaker /
260
_a
mandaluyong City
_b
OMF literature inc
_c
1990
300
_a
247 pages
999
_c
354810
_d
354810